000 00305nam a22001337a 4500
020 _a978-81-291-2491-3
082 _a158
_bAPJ/M
100 _aABDULKALAM,A.P.J
245 _aMY JOURNEY
260 _aNEW DELHI
_bRUPA
300 _a147
650 _aTRANSFORMING DREAMS INTO ACTIONS
_zNEW DELHI
942 _cBK
999 _c5605
_d5605